000 00705nam a2200253Ia 4500
005 20250425161520.0
008 250425s9999 xx 000 0 und d
041 _aeng
082 _a664.028
100 _aCANTLEY, C.: MAURICE
245 0 _aPROGRESS IN FOOD ENGINEERING: SOLID EXTRACTION, ISOLATION AND PURIFICATION, TEXTURIZATION
250 _aS.E.
260 _aKÜSNACHT
260 _aSuiza
_bFORSTER
_c1983
300 _a782
500 _aConsultar inv.14991 en BIBTEC
650 _aELABORACION DE ALIMENTOS
650 _aEXTRACCION
650 _aINDUSTRIA ALIMENTARIA
650 _aINGENIERIA DE ALIMENTOS
650 _aPROPIEDADES ALIMENTARIAS
942 _c01
010 _a22010
999 _c210755
_d210755